Statistics for 25 coldest countries in the world

Click here to take the quiz!

General Stats

  • This quiz has been taken 57 times
  • The average score is 19 of 25

Answer Stats

Answer% Correct
Russia
100%
Canada
98%
Finland
98%
Iceland
98%
Sweden
98%
Norway
94%
Denmark
88%
Estonia
88%
Latvia
88%
United States
86%
China
84%
Lithuania
84%
Mongolia
84%
Belarus
80%
Kazakhstan
78%
Austria
69%
Nepal
67%
Switzerland
67%
Ukraine
67%
Tajikistan
65%
Armenia
55%
Georgia
51%
Slovakia
51%
Greenland
18%
Lichtenstein
10%

Score Distribution

Percentile by Number Answered

Percent of People with Each Score

Your Score History

You have not taken this quiz